The physiology of flowering / (Record no. 7556)
[ view plain ]
| 000 -LEADER | |
|---|---|
| fixed length control field | 00810cam a2200265 a 4500 |
| 001 - CONTROL NUMBER | |
| control field | BD-DhSAU 7556 |
| 003 - CONTROL NUMBER IDENTIFIER | |
| control field | BD-DhSAU |
| 005 - DATE AND TIME OF LATEST TRANSACTION | |
| control field | 20150524150738.0 |
| 008 - FIXED-LENGTH DATA ELEMENTS--GENERAL INFORMATION | |
| fixed length control field | 821116m19811985flua b 001 0 eng |
| 020 ## - INTERNATIONAL STANDARD BOOK NUMBER | |
| International Standard Book Number | 0849357098 (v. 1) |
| 040 ## - CATALOGING SOURCE | |
| Original cataloging agency | BD-DhSAU |
| 082 00 - DEWEY DECIMAL CLASSIFICATION NUMBER | |
| Classification number | 582.1304166 |
| Edition number | 22 |
| Item number | BEP |
| 100 1# - MAIN ENTRY--PERSONAL NAME | |
| Personal name | Bernier, Georges |
| Dates associated with a name | 1934- |
| 245 14 - TITLE STATEMENT | |
| Title | The physiology of flowering / |
| Statement of responsibility, etc. | Georges Bernier, Jean-Marie Kinet, Roy M. Sachs. |
| 260 ## - PUBLICATION, DISTRIBUTION, ETC. (IMPRINT) | |
| Place of publication, distribution, etc. | Boca Raton, Fla. : |
| Name of publisher, distributor, etc. | CRC Press, |
| Date of publication, distribution, etc. | c1981. |
| 300 ## - PHYSICAL DESCRIPTION | |
| Extent | x, 149 p. : |
| Other physical details | ill. ; |
| Dimensions | 26 cm. |
| 440 ## - SERIES STATEMENT/ADDED ENTRY--TITLE | |
| Title | Initiation of Flowers |
| Volume/sequential designation | Vol. 1 |
| 504 ## - BIBLIOGRAPHY, ETC. NOTE | |
| Bibliography, etc | Include bibliographical reference & index. |
| 590 ## - Name of Cataloguer | |
| Name of Cataloger | Jerin |
| 650 #0 - SUBJECT ADDED ENTRY--TOPICAL TERM | |
| Topical term or geographic name as entry element | Plants, Flowering of. |
| 650 #0 - SUBJECT ADDED ENTRY--TOPICAL TERM | |
| Topical term or geographic name as entry element | Genetics plant Breeding |
| 700 1# - ADDED ENTRY--PERSONAL NAME | |
| Personal name | Kinet, Jean-Marie. |
| 700 1# - ADDED ENTRY--PERSONAL NAME | |
| Personal name | Sachs, Roy M. |
| 942 ## - ADDED ENTRY ELEMENTS (KOHA) | |
| Source of classification or shelving scheme | Dewey Decimal Classification |
| Koha item type | Book |
| Withdrawn status | Lost status | Source of classification or shelving scheme | Damaged status | Not for loan | Collection code | Home library | Branch Name | Shelving location | Date acquired | Total Checkouts | Full call number | Barcode | Date last seen | Price effective from | Koha item type |
|---|---|---|---|---|---|---|---|---|---|---|---|---|---|---|---|
| Dewey Decimal Classification | Not For Loan | Reference | SAU Library | SAU Library | Reference | 30/06/1992 | 582.1304166 BEP | 22714 | 24/05/2015 | 24/05/2015 | Book | ||||
| Dewey Decimal Classification | Not For Loan | Reference | SAU Library | SAU Library | Reference | 26/10/1980 | 582.1304166 BEP | 5921 | 22/07/2015 | 22/07/2015 | Book |
